Представление документа в формате MARC21

ПолеНазваниеЗначение
  Тип записи a
  Библиографический уровень m
001 Контрольный номер BIBLIOCLUB\0000227758
005 Дата корректировки 20220829112413.5
006 m o d
007 Элементы данных для физической характеристики c|||||||||||||
008 Кодируемые данные s2012 rus o rus d
041 Код языка издания 0_
a Код языка текста rus
084 Индекс другой классификации/Индекс ББК __
a Индекс другой классификации/Индекс ББК 22.185я73
b Номер единицы LBC/PL
2 Источник индекса rubbk
245 Заглавие 10
a Заглавие Математические методы исследования: сборник задач
b Продолж. заглавия сборник задач и упражнений
c Ответственность сост. Э. . Огнева
c Ответственность Министерство культуры Российской Федерации
c Ответственность Кемеровский государственный университет культуры и искусств
c Ответственность Институт информационных и библиотечных технологий
c Ответственность Кафедра технологии автоматизированной обработки информации
260 Выходные данные __
a Место издания Кемерово
b Издательство Кемеровский государственный университет культуры и искусств (КемГУКИ)
c Дата издания 2012
300 Физическое описание __
a Объем 43 с.
b Иллюстрации/ тип воспроизводства табл., схем.
653 Ключевые слова 1_
a Ключевые слова Учебник для высшей школы
702 _1
a Огнева
b Э. Н.
4 220
856 Электронный адрес документа 40
3 Область применения данных поля Университетская библиотека ONLINE
u URL https://biblioclub.ru/index.php?page=book&id=227758